| Tag |
First Indicator |
Second Indicator |
Subfields |
| LEADER |
00000cam a2200000 4500 |
| 001 |
in00000028740 |
| 005 |
20151007062823.0 |
| 008 |
790321s1924 ag 00010 spa |
| 010 |
|
|
|a 38013513
|
| 035 |
|
|
|a (OCoLC)04763849
|
| 035 |
|
|
|9 AAD5868AM
|
| 040 |
|
|
|a DLC
|c YSM
|d TXA
|d UtOrBLW
|
| 049 |
|
|
|a TXAS
|c [1700878]
|
| 050 |
0 |
0 |
|a PQ7797.L88
|b P6
|
| 082 |
0 |
|
|a 863.6
|
| 100 |
1 |
|
|a Lynch, Benito,
|d 1880-1951.
|
| 245 |
1 |
3 |
|a El portillo roano /
|c por Benito Lynch.
|
| 264 |
|
1 |
|a [Buenos Aires?] :
|b Edicion especial de la Editorial latina,
|c [1924]
|
| 300 |
|
|
|a 30 pages ;
|c 18 cm.
|
| 336 |
|
|
|a text
|b txt
|2 rdacontent
|
| 337 |
|
|
|a unmediated
|b n
|2 rdamedia
|
| 338 |
|
|
|a volume
|b nc
|2 rdacarrier
|
| 500 |
|
|
|a Cover-title
|
| 999 |
|
|
|a MARS
|
| 999 |
f |
f |
|s 525b2a8a-63c5-35a2-9bcb-fd55c43e8950
|i 0e0d2441-b69a-3a6a-926e-2055179382b9
|t 0
|
| 952 |
f |
f |
|p noncirc
|a Texas A&M University
|b College Station
|c Cushing Memorial Library & Archives
|d Cushing: Dykes (Does not check out)
|t 0
|e PQ7797.L88 P6
|f Vertical File
|h Library of Congress classification
|i unmediated -- volume
|m A14851759390
|
| 998 |
f |
f |
|a PQ7797.L88 P6
|t 0
|l Cushing: Dykes (Does not check out)
|